Borussia Dortmund vs Legia Warszawa - Statystyki

Ogólne statystyki
  • Ten quiz został rozwiązany 61 razy
  • Średni wynik to 7 z 12
Statystyki odpowiedzi
minuta klub strzelec % Poprawnych
32 Borussia Marco Reus
86%
52 Borussia Marco Reus
86%
10 Legia Aleksandar Prijović
76%
24 Legia Aleksandar Prijović
76%
57 Legia Michał Kucharczyk
71%
17 Borussia Shinji Kagawa
67%
18 Borussia Shinji Kagawa
67%
29 Borussia Ousmane Dembele
49%
81 Borussia Felix Passlack
37%
90+2 Borussia Jakub Rzeźniczak (sam.)
31%
20 Borussia Nuri Sahin
31%
83 Legia Nemanja Nikolics
16%
Nie znaleziono quizów pasujących do podanych kryteriów
Rozkład punktacji
Procent ludzi z każdym wynikiem
Percentyl według liczby udzielonych odpowiedzi
Twoja historia wyników
Nie rozwiązałeś tego quizu